Love you forever
Sparad:
| Huvudupphovsmän: | , |
|---|---|
| Materialtyp: | Bok |
| Språk: | engelska |
| Publicerad: |
Toronto
Firefly Books
2013
|
| Upplaga: | 1a. ed |
| Serie: | Rincón Canadá
|
| Ämnen: | |
| Taggar: |
Lägg till en tagg
Inga taggar, Lägg till första taggen!
|
MARC
| LEADER | 00000cam a2200000 a 4500 | ||
|---|---|---|---|
| 001 | UCE3735 | ||
| 003 | CL-VaPUC | ||
| 008 | 140925e20130000cn |||||||||||||||||eng|d | ||
| 020 | |a 0920668364 | ||
| 020 | |a 9780920668368 | ||
| 082 | 0 | 4 | |a C813 |b MUN |2 21 |
| 100 | 0 | |a Munsch, Robert |e author |9 576227 | |
| 700 | 0 | |a McGraw, Sheila |e author |9 576228 | |
| 245 | 1 | 0 | |a Love you forever |
| 250 | |a 1a. ed | ||
| 300 | |a pág. irreg | ||
| 942 | |c BK | ||
| 945 | |d 20140925 17:45:00 |a arojas | ||
| 260 | |a Toronto |b Firefly Books |c 2013 | ||
| 650 | 0 | |a Cuentos infantiles |9 308044 | |
| 650 | 7 | |a CUENTOS CANADIENSES |2 CL-VaPUC |9 319373 | |
| 650 | 0 | |a Literatura canadiense |9 342826 | |
| 650 | 0 | |a Literatura infantil |9 307465 | |
| 583 | |a last modification |c 20140925 17:45:00 |k Rodrigo Vera | ||
| 490 | 0 | |a Rincón Canadá | |
| 999 | |c 356896 |d 356894 | ||
| 952 | |0 0 |1 0 |3 erb |4 0 |6 C_813_000000000000000_MUN_2013 |7 0 |8 A |9 464665 |a BIBEDU |b BIBEDU |i 5114330 |l 1 |m 1 |o C813 MUN 2013 |p 5114330 |r 2024-10-23 |s 2024-10-11 |w 2019-11-23 |y BK |z Catalogado en:20140925 |k PAR | ||